|
|
|
|
| LEADER |
01216nam a2200337 a 4500 |
| 001 |
EBC818406 |
| 003 |
MiAaPQ |
| 005 |
20200520144314.0 |
| 006 |
m o d | |
| 007 |
cr cn||||||||| |
| 008 |
120206s2012 si a s 001 0 eng d |
| 020 |
|
|
|z 9780470826515
|
| 020 |
|
|
|a 9780470826539 (electronic bk.)
|
| 035 |
|
|
|a (MiAaPQ)EBC818406
|
| 035 |
|
|
|a (Au-PeEL)EBL818406
|
| 035 |
|
|
|a (CaPaEBR)ebr10529345
|
| 035 |
|
|
|a (CaONFJC)MIL367826
|
| 035 |
|
|
|a (OCoLC)775301843
|
| 040 |
|
|
|a MiAaPQ
|c MiAaPQ
|d MiAaPQ
|
| 043 |
|
|
|a a-cc---
|
| 050 |
|
4 |
|a HG5788
|b .Y66 2012
|
| 100 |
1 |
|
|a Yong, Kwek Ping.
|
| 245 |
1 |
0 |
|a Private equity in China
|h [electronic resource] :
|b challenges and opportunities /
|c Kwek Ping Yong.
|
| 260 |
|
|
|a Singapore :
|b John Wiley & Sons Singapore Pte. Ltd.,
|c 2012.
|
| 300 |
|
|
|a xvii, 310 p. :
|b ill.
|
| 500 |
|
|
|a Includes index.
|
| 533 |
|
|
|a Electronic reproduction. Ann Arbor, MI : ProQuest, 2015. Available via World Wide Web. Access may be limited to ProQuest affiliated libraries.
|
| 650 |
|
0 |
|a Private equity
|z China.
|
| 655 |
|
4 |
|a Electronic books.
|
| 710 |
2 |
|
|a ProQuest (Firm)
|
| 856 |
4 |
0 |
|u https://ebookcentral.proquest.com/lib/matrademy/detail.action?docID=818406
|z Click to View
|